K informační pragmatice.
Pragmatika formalizovaných informácií. Informácie s negatívnou hodnotou (dezinformácie). Vplyv informácií s negatívnou a pozitívnou hodnotou na postoje ľudí. Účelnosť, hodnota a efektívnosť informačných a komunikačných procesov. Úlohy v perspektíve a súčasnosti využitia informačnej techniky.
Salvato in:
| Autore principale: | |
|---|---|
| Natura: | Capitolo di libro |
| Lingua: | ceco |
| Soggetti: | |
| Tags: |
Nessun Tag, puoi essere il primo ad aggiungerne!!
|
MARC
| LEADER | 00000naa a2200000 4500 | ||
|---|---|---|---|
| 001 | r002148 | ||
| 005 | 20220819180831.6 | ||
| 041 | 0 | |a cze | |
| 044 | |a [CS] | ||
| 245 | 1 | 0 | |a K informační pragmatice. |c M. Vítek |
| 520 | |a Pragmatika formalizovaných informácií. Informácie s negatívnou hodnotou (dezinformácie). Vplyv informácií s negatívnou a pozitívnou hodnotou na postoje ľudí. Účelnosť, hodnota a efektívnosť informačných a komunikačných procesov. Úlohy v perspektíve a súčasnosti využitia informačnej techniky. | ||
| 610 | 2 | 0 | |a informácie |
| 610 | 2 | 0 | |a zabezpečenie informačné |
| 610 | 2 | 0 | |a proces informačný |
| 610 | 2 | 0 | |a komunikácia |
| 610 | 2 | 0 | |a efektívnosť |
| 100 | 1 | |a Vítek, M. | |